UITU Library & LRC     

Data Networking Made Easy (Record no. 7633)

MARC details
000 -LEADER
fixed length control field 00483nam a2200181Ia 4500
008 - FIXED-LENGTH DATA ELEMENTS--GENERAL INFORMATION
fixed length control field 240925s9999 xx 000 0 und d
020 ## - INTERNATIONAL STANDARD BOOK NUMBER
International Standard Book Number 8170082048
082 ## - DEWEY DECIMAL CLASSIFICATION NUMBER
Classification number 004.67 PAT
100 ## - MAIN ENTRY--PERSONAL NAME
Personal name Patlen, Karen
245 #0 - TITLE STATEMENT
Title Data Networking Made Easy
250 ## - EDITION STATEMENT
Edition statement NA
260 ## - PUBLICATION, DISTRIBUTION, ETC.
Place of publication, distribution, etc. New Delhi:
Name of publisher, distributor, etc. Firewall Media
Date of publication, distribution, etc. ,2000.
300 ## - PHYSICAL DESCRIPTION
Extent xviii,781p.
Other physical details NA
Type of unit NA
500 ## - GENERAL NOTE
General note Includes Index
600 ## - SUBJECT ADDED ENTRY--PERSONAL NAME
Personal name Computer Science
650 ## - SUBJECT ADDED ENTRY--TOPICAL TERM
Topical term or geographic name entry element Computer science, information & general works
942 ## - ADDED ENTRY ELEMENTS (KOHA)
Koha item type Books
Holdings
Withdrawn status Lost status Damaged status Not for loan Collection Home library Current library Date acquired Source of acquisition Cost, normal purchase price Total checkouts Full call number Barcode Date last seen Price effective from Koha item type
        Computer Science UITU Library UITU Library 08/08/2003 Royal Book Company 455.94   004.67 PAT Q5134 09/25/2024 09/25/2024 Books

Powered by Koha